000 00423nam a22001697a 4500
003 NUST
005 20221025135911.0
008 221025b ||||| |||| 00| 0 eng d
038 _aAzhar
082 _a297.12
_bRUK
100 _aRukhsana Aijaz
_9101357
245 _aMomin ki gumshuda meeras
_cRukhsana Aijaz
260 _aIslamabad
_bAlmaqsoorat publications
_c2009
300 _a84p
563 _aPB
942 _2ddc
_cBK
999 _c592028
_d592028